| 000 | 00734cam a2200229 a 4500 | ||
|---|---|---|---|
| 001 | 000019546 | ||
| 005 | 20200929170043.0 | ||
| 008 | 900416s1948 sp b 001 0aspa d | ||
| 040 |
_aDO-SdBNP _bspa _cBNPHU |
||
| 082 |
_a928.61 _bT693v, 1948 |
||
| 100 | 1 |
_aTorres Villarroel, Diego de, _d1693?-1770 _915022 |
|
| 245 | 1 | 0 |
_aVida / _cTorres Villarroel. |
| 250 | _a2a ed. | ||
| 260 |
_aMadrid : _bEspasa Calpe, _c1948. |
||
| 300 |
_a211, [16] p. ; _c18 cm. |
||
| 490 | 1 |
_aAustral. Clásicos _v829 |
|
| 600 | 1 | 0 |
_aTORRES VILLARROEL, DIEGO DE, _d1693?-1770 _xBIOGRAFÍA _915861 |
| 650 | 4 |
_aAutobiografía _9323 |
|
| 650 | 4 |
_aAutores españoles _ySIGLO XX _xBiografías _915862 |
|
| 830 | 0 |
_aAustral. _pClásicos _v829 _941958 |
|
| 049 | _aBNGR | ||
| 999 |
_c19062 _d19062 |
||